| 000 | 01275nac a22003731i 4500 | ||
|---|---|---|---|
| 003 | EG-ScBUE | ||
| 005 | 20241106160040.0 | ||
| 008 | 111012t2011 maua f 001 0 eng d | ||
| 020 | _a0321694988 | ||
| 020 | _a9780321694980 | ||
| 040 |
_aEG-ScBUE _beng _erda _cEG-ScBUE _dEG-ScBUE |
||
| 082 | 0 | 4 |
_a519.202462 _bJOH _222 |
| 100 | 1 |
_aJohnson, Richard A. _q(Richard Arnold), _d1937- _eauthor. _927524 |
|
| 245 | 1 | 0 |
_aMiller and Freund's Probability and Statistics for engineers / _cRichard A. Johnson, University of Wisconsin-Madison. |
| 246 | 3 | 0 | _aProbability and statistics for engineers |
| 250 | _aEighth edition. | ||
| 250 | _aInternational edition. | ||
| 264 |
_aBoston : _bPrentice Hall, _c[2011] |
||
| 264 | _cc2011 | ||
| 300 |
_aviii, 544 pages : _billustrations ; _c25 cm |
||
| 336 |
_2rdacontent _atext _btxt |
||
| 337 |
_aunmediated _2rdamedia _bn |
||
| 338 |
_avolume _bnc _2rdacarrier |
||
| 500 | _aIncludes index. | ||
| 500 | _aIncludes Appendices. | ||
| 600 | 1 | 7 |
_2BUEsh _aMiller, Irwin, _d1928- |
| 600 | 1 | 7 |
_2BUEsh _aFreund, John E. |
| 650 | 7 |
_aEngineering _xStatistical methods. _2BUEsh _927525 |
|
| 650 | 7 |
_aProbabilities. _2BUEsh _927526 |
|
| 653 | _cOctober2011 | ||
| 653 | _cOctober2011 | ||
| 655 | _vReading book | ||
| 942 |
_cBB _2ddc |
||
| 999 |
_c16142 _d16142 |
||